Science Quiz

Random Science Quiz

Earth Science Quiz Stats

 Plays Quiz not verified by Sporcle

Score 0/10 Timer 05:00
0 Plays Today
Hint Answer % Correct
What percent if all earths minerals are silicate 96
50%
T or f Asterism is six sided t
33.3%
What percent of all earths minerals that are no silicate 4
33.3%
T or f Luster is way mineral breaks along flat surfacesf
16.7%
What's hardnessHow resistant a mineral is to scratching
16.7%
Why is a color poor indicator cores can be colorless
16.7%
What's Phosphorences Minerals that keep glowing
16.7%
Nets What are native elements Unconvinced with other minerals
16.7%
How many special properties is there in this chapter? 5
0%
How many types of silicate structure there are?6
0%

You're not logged in!

Compare scores with friends on all Sporcle quizzes.
OR
Log In

Sporcle TV

Today on Sporcle TV


Watch our educational content, quiz creation guides, and fun videos on Sporcle TV.

Show Comments

Extras

Created Dec 10, 2014ReportNominate
Tags:earth, Earth Science

Top Quizzes Today


Score Distribution

Your Account Isn't Verified!

In order to create a playlist on Sporcle, you need to verify the email address you used during registration. Go to your Sporcle Settings to finish the process.

Report this User

Report this user for behavior that violates our Community Guidelines.

Details: